[Event "Titled Tuesday intern op 02nd Apr Late"]
[Site "Chess.com INT"]
[Date "2024.04.02"]
[Round "2"]
[White "Alivodic, Dario"]
[Black "Velikanov, Alexander"]
[Result "1-0"]
[WhiteElo "2251"]
[BlackElo "2387"]
[PlyCount "97"]
[EventDate "2024.04.02"]
[EventType "swiss (blitz)"]
[EventRounds "11"]
[EventCountry "USA"]
[SourceTitle "CB15_2024"]
[SourceDate "2024.04.10"]
[SourceVersion "1"]
[SourceVersionDate "2024.04.10"]
[SourceQuality "1"]

1. d4 Nf6 2. c4 e6 3. Nc3 c5 4. d5 exd5 5. cxd5 d6 6. e4 g6 7. f4 Bg7 8. Bb5+ Nfd7 9. Nf3 0-0 10. 0-0 a6 11. Bd3 b5 12. Kh1 c4 13. Bc2 b4 14. Ne2 Re8 15. f5 Nc5 16. Ng3 Nbd7 17. Bg5 Qc7 18. Nd4 Be5 19. fxg6 hxg6 20. Qf3 Nf8 21. Rad1 Nh7 22. Bf4 Nd3 23. Bxd3 Bxd4 24. Bxd6 Qa7 25. Bxc4 Be5 26. Bxe5 Rxe5 27. d6 Be6 28. Bxe6 Rxe6 29. d7 Ng5 30. d8Q+ Rxd8 31. Rxd8+ Kg7 32. Qf4 Qc5 33. Nf5+ gxf5 34. exf5 Qe7 35. fxe6 Qxd8 36. exf7 Kf8 37. Qf6 Qxf6 38. Rxf6 a5 39. Ra6 Ne4 40. Rxa5 Nf2+ 41. Kg1 Nd3 42. Rb5 Kxf7 43. a3 Ke6 44. axb4 Kd6 45. h4 Nxb2 46. h5 Nd3 47. h6 Nf4 48. h7 Ng6 49. Rb6+ 1-0

[Event "Belgrade Radnicki IM 07"]
[Site "Belgrade"]
[Date "2023.07.28"]
[Round "3"]
[White "Alivodic, Dario"]
[Black "Milosevic, Milos"]
[Result "1-0"]
[WhiteElo "2267"]
[BlackElo "2417"]
[PlyCount "103"]
[EventDate "2023.07.26"]
[EventType "schev"]
[EventRounds "9"]
[EventCountry "SRB"]
[SourceTitle "CBM 215 Extra"]
[Source "ChessBase"]
[SourceDate "2023.09.30"]
[SourceVersion "1"]
[SourceVersionDate "2023.09.30"]
[SourceQuality "1"]

1. d4 Nf6 2. Nf3 g6 3. Bf4 Bg7 4. c3 0-0 5. Nbd2 d6 6. h3 Nc6 7. e4 e5 8. dxe5 dxe5 9. Bh2 Nh5 10. Bb5 Nf4 11. 0-0 Qf6 12. Qc2 Ne7 13. Rfd1 g5 14. Bxf4 Qxf4 15. Nf1 Bxh3 16. Bd7 Be6 17. Bxe6 fxe6 18. Rd7 g4 19. N3h2 Rf7 20. Rxc7 Ng6 21. Rxf7 Kxf7 22. g3 Qg5 23. Rd1 Re8 24. Rd7+ Re7 25. Rxe7+ Nxe7 26. Ne3 h5 27. Qb3 b6 28. Qa4 h4 29. Nhxg4 hxg3 30. fxg3 Qg6 31. Kg2 b5 32. Qc2 Nc6 33. Nf2 Qg5 34. Neg4 Qd8 35. Qd3 Qxd3 36. Nxd3 Ke7 37. Nh2 Bh6 38. Nf3 Kf6 39. Kf2 a5 40. g4 a4 41. b3 axb3 42. axb3 Na5 43. Ndxe5 Bf4 44. Nd7+ Kg7 45. Nc5 Kf6 46. Ke2 Ke7 47. b4 Nc4 48. Nd3 Bg3 49. Nd2 Nd6 50. Kf3 Bh4 51. Ne5 Be1 52. Nb1 1-0

[Event "Titled Tuesday intern op 11th Jul Early"]
[Site "Chess.com INT"]
[Date "2023.07.11"]
[Round "3"]
[White "Kuchava, Ana"]
[Black "Alivodic, Dario"]
[Result "0-1"]
[WhiteElo "2101"]
[BlackElo "2267"]
[PlyCount "92"]
[EventDate "2023.07.11"]
[EventType "swiss (blitz)"]
[EventRounds "11"]
[EventCountry "USA"]
[SourceTitle "EXT 2024"]
[Source "ChessBase"]
[SourceDate "2023.10.10"]
[SourceVersion "1"]
[SourceVersionDate "2023.10.10"]
[SourceQuality "1"]

1. d4 d5 2. Nf3 e6 3. c4 c6 4. e3 f5 5. Nc3 Nf6 6. Bd3 Bd6 7. b3 Ne4 8. Bb2 Nd7 9. Ne2 0-0 10. 0-0 Qf6 11. Rc1 g5 12. Ne1 g4 13. f4 gxf3 14. Nxf3 Kh8 15. Nf4 Rg8 16. Qe2 Ng5 17. Nxg5 Rxg5 18. cxd5 exd5 19. Rf3 Nf8 20. Rcf1 Ng6 21. Rh3 Nxf4 22. exf4 Rg8 23. Qh5 Qg6 24. g3 Bd7 25. Qxg6 Rxg6 26. Re1 Kg7 27. Rh5 Bxf4 28. Bxf5 Bxf5 29. Rxf5 Bd6 30. Ref1 Rf8 31. Rxf8 Bxf8 32. Bc1 Re6 33. Bf4 Re2 34. Be5+ Kg8 35. Rf2 Re4 36. Kg2 c5 37. Rd2 b6 38. Kf3 Bh6 39. Rd3 Kf7 40. Bf4 Bxf4 41. gxf4 cxd4 42. a4 Kf6 43. h3 Kf5 44. Kg3 Re3+ 45. Rxe3 dxe3 46. Kf3 d4 0-1

[Event "Belgrade Radnicki IM 06"]
[Site "Belgrade"]
[Date "2023.06.28"]
[Round "9"]
[White "Djokic, Nenad"]
[Black "Alivodic, Dario"]
[Result "0-1"]
[WhiteElo "2235"]
[BlackElo "2258"]
[PlyCount "118"]
[EventDate "2023.06.22"]
[EventType "tourn"]
[EventRounds "9"]
[EventCountry "SRB"]
[EventCategory "1"]
[SourceTitle "CBM 215 Extra"]
[Source "ChessBase"]
[SourceDate "2023.09.30"]
[SourceVersion "1"]
[SourceVersionDate "2023.09.30"]
[SourceQuality "1"]

1. d4 d5 2. c4 e6 3. Nf3 c6 4. Nc3 dxc4 5. a4 Bb4 6. e3 b5 7. Be2 Bb7 8. 0-0 a6 9. Bd2 Be7 10. Na2 Nf6 11. b3 cxb3 12. Qxb3 Nbd7 13. Rfc1 0-0 14. Nb4 c5 15. Nc2 c4 16. Qb2 Bc6 17. Nb4 Qb6 18. Ne1 Bb7 19. Nec2 a5 20. Na2 b4 21. Bxc4 Bxg2 22. Kxg2 Qc6+ 23. Kg1 Qxc4 24. Ncxb4 Qe2 25. Nc6 Bd6 26. Nc3 Bxh2+ 27. Kg2 Qh5 28. Rh1 Qg5+ 29. Kxh2 Ng4+ 30. Kg2 Nge5+ 31. Kf1 Nxc6 32. Nb5 Qd5 33. Rh3 Nf6 34. Rc1 Rfc8 35. Rc5 Qd7 36. Kg2 Ne4 37. Rch5 h6 38. Be1 f5 39. Rh1 Ne7 40. f3 Nf6 41. R5h3 Rc4 42. Qb3 Ned5 43. Bf2 Rac8 44. Ra1 Rc2 45. Rhh1 Re2 46. Rhe1 Nxe3+ 47. Kg1 Rxe1+ 48. Rxe1 Ned5 49. Bg3 f4 50. Bf2 Qf7 51. Nd6 Qg6+ 52. Kf1 Rc3 53. Qb8+ Kh7 54. Rxe6 Rxf3 55. Ne4 Qf5 56. Re5 Qh3+ 57. Kg1 Ng4 58. Qb1 Qh2+ 59. Kf1 Qh1+ 0-1

[Event "Belgrade Radnicki IM 06"]
[Site "Belgrade"]
[Date "2023.06.25"]
[Round "5"]
[White "Alivodic, Dario"]
[Black "Atalik, Suat"]
[Result "1/2-1/2"]
[WhiteElo "2258"]
[BlackElo "2442"]
[PlyCount "116"]
[EventDate "2023.06.22"]
[EventType "tourn"]
[EventRounds "9"]
[EventCountry "SRB"]
[EventCategory "1"]
[SourceTitle "CBM 215 Extra"]
[Source "ChessBase"]
[SourceDate "2023.09.30"]
[SourceVersion "1"]
[SourceVersionDate "2023.09.30"]
[SourceQuality "1"]

1. d4 d5 2. c4 c6 3. Nf3 Nf6 4. Nc3 dxc4 5. a4 Bf5 6. Ne5 Nbd7 7. Nxc4 Qc7 8. g3 e5 9. dxe5 Nxe5 10. Bf4 Nfd7 11. Bg2 f6 12. Rc1 Be6 13. Nb5 cxb5 14. Nxe5 Qa5+ 15. Bd2 Qxa4 16. Qxa4 bxa4 17. Nxd7 Bxd7 18. Rc7 Rb8 19. Rxb7 Rxb7 20. Bxb7 Bd6 21. 0-0 Ke7 22. Bc3 a5 23. Ra1 Bb4 24. Be4 Rc8 25. Bd4 g6 26. e3 Bb5 27. Bf3 Bd2 28. Bd1 Rc1 29. Rxc1 Bxc1 30. Bc5+ Ke6 31. Ba3 f5 32. Bc2 Bc6 33. Kf1 Bd2 34. Ke2 Bb4 35. Bd3 Ke5 36. Bc4 h6 37. h4 Kf6 38. Bd3 g5 39. hxg5+ hxg5 40. f3 g4 41. fxg4 fxg4 42. Kf2 Ke5 43. Be2 Bd7 44. Bd3 Kd5 45. Ke2 Ke5 46. Kf2 Kd5 47. Ke2 Kc5 48. Kd1 Be6 49. Bxb4+ axb4 50. Kc2 Bb3+ 51. Kd2 Bd5 52. Bf5 Bf3 53. Bd7 a3 54. bxa3 bxa3 55. Kc3 Bd1 56. Bxg4 a2 57. Kb2 a1B+ 58. Kxa1 Bxg4 1/2-1/2

[Event "Belgrade Radnicki IM 06"]
[Site "Belgrade"]
[Date "2023.06.24"]
[Round "3"]
[White "Alivodic, Dario"]
[Black "Petrovic, Aleksa"]
[Result "1/2-1/2"]
[WhiteElo "2258"]
[BlackElo "2305"]
[PlyCount "73"]
[EventDate "2023.06.22"]
[EventType "tourn"]
[EventRounds "9"]
[EventCountry "SRB"]
[EventCategory "1"]
[SourceTitle "CBM 215 Extra"]
[Source "ChessBase"]
[SourceDate "2023.09.30"]
[SourceVersion "1"]
[SourceVersionDate "2023.09.30"]
[SourceQuality "1"]

1. d4 g6 2. c4 Bg7 3. e4 d6 4. Nc3 c6 5. h4 h6 6. Be3 Nf6 7. f3 a6 8. Nge2 b5 9. Nf4 Nbd7 10. Qd2 bxc4 11. Bxc4 d5 12. exd5 Nb6 13. Bb3 cxd5 14. Nd3 Nc4 15. Bxc4 dxc4 16. Ne5 Be6 17. Ne2 Rc8 18. Nf4 Bd5 19. Rc1 e6 20. Qb4 a5 21. Qb5+ Kf8 22. Nxc4 Rb8 23. Qc5+ Kg8 24. b3 Bf8 25. Qa7 Bb4+ 26. Bd2 Kg7 27. Bxb4 Rxb4 28. Nd3 Rb7 29. Qxa5 Qxa5+ 30. Nxa5 Ra7 31. Nc4 Rxa2 32. 0-0 Rc8 33. Nc5 Bxc4 34. Rxc4 Nd5 35. Ra4 Rxa4 36. bxa4 Nc3 37. Rf2 1/2-1/2

[Event "MNT-chT"]
[Site "Herceg Novi"]
[Date "2023.05.03"]
[Round "4.5"]
[White "Raicevic, Momcilo"]
[Black "Alivodic, Dario"]
[Result "0-1"]
[WhiteElo "2257"]
[BlackElo "2263"]
[PlyCount "71"]
[EventDate "2023.05.01"]
[EventType "team-tourn"]
[EventRounds "9"]
[EventCountry "MNE"]
[SourceTitle "CBM 214 Extra"]
[Source "ChessBase"]
[SourceDate "2023.07.31"]
[SourceVersion "1"]
[SourceVersionDate "2023.07.31"]
[SourceQuality "1"]
[WhiteTeam "Mimoza"]
[BlackTeam "Buducnost"]
[WhiteTeamCountry "MNE"]
[BlackTeamCountry "MNE"]

1. c4 e6 2. Nf3 d5 3. b3 Nf6 4. g3 d4 5. Bg2 c5 6. 0-0 Nc6 7. e3 e5 8. exd4 exd4 9. d3 Be7 10. Na3 0-0 11. h3 Re8 12. Bf4 a6 13. Nc2 Bd6 14. Bxd6 Qxd6 15. Qd2 Bf5 16. Nh4 Bd7 17. Rab1 h6 18. b4 cxb4 19. Nxb4 Rab8 20. Rfc1 Nxb4 21. c5 Qc7 22. Rxb4 Qa5 23. Qb2 Rbc8 24. Qxd4 Bc6 25. Bxc6 bxc6 26. Nf5 Rcd8 27. Nd6 Qxa2 28. Qb2 Qxb2 29. Rxb2 Re5 30. Rb6 Nd7 31. Rxc6 Rxc5 32. Nb7 Rxc1+ 33. Rxc1 Rb8 34. Rc7 Ne5 35. Nc5 Rd8 36. Ra7 0-1

[Event "MNT-chT 1st League"]
[Site "Sutomore"]
[Date "2021.08.02"]
[Round "4.4"]
[White "Andjic, Vladan"]
[Black "Alivodic, Dario"]
[Result "0-1"]
[WhiteElo "1958"]
[BlackElo "2237"]
[PlyCount "73"]
[EventDate "2021.07.31"]
[EventType "team-tourn"]
[EventRounds "9"]
[EventCountry "MNE"]
[SourceTitle "EXT 2022"]
[Source "ChessBase"]
[SourceDate "2021.10.06"]
[SourceVersion "1"]
[SourceVersionDate "2021.10.06"]
[SourceQuality "1"]
[WhiteTeam "Berane"]
[BlackTeam "Buducnost"]
[WhiteTeamCountry "MNE"]
[BlackTeamCountry "MNE"]

1. e4 e6 2. d4 d5 3. exd5 exd5 4. Bd3 c5 5. Nf3 Nf6 6. 0-0 c4 7. Re1+ Be7 8. Bf1 0-0 9. h3 Nc6 10. b3 cxb3 11. axb3 Bf5 12. Bd3 Ne4 13. c3 Bf6 14. Ra2 Rc8 15. Rae2 Qd7 16. Bf4 Rfe8 17. Ne5 Bxe5 18. dxe5 Nc5 19. Bc2 Bxc2 20. Qxc2 Ne6 21. Bg3 Ncd4 22. Qd1 Nxe2+ 23. Rxe2 Rcd8 24. f4 Nc5 25. b4 Ne4 26. Bh4 f6 27. Qd4 Qc6 28. Qxa7 Ra8 29. Qe3 fxe5 30. fxe5 Ra1 31. Re1 Rxe5 32. Qf4 Re8 33. Rf1 Qb6+ 34. Kh1 Qg6 35. Kg1 h5 36. Qf3 Kh7 37. Bf2 0-1

[Event "MNT-chT 1st League"]
[Site "Podgorica"]
[Date "2021.05.22"]
[Round "4.1"]
[White "Nikac, Predrag"]
[Black "Alivodic, Dario"]
[Result "1-0"]
[WhiteElo "2326"]
[BlackElo "2241"]
[PlyCount "71"]
[EventDate "2021.05.20"]
[EventType "team-tourn"]
[EventRounds "7"]
[EventCountry "MNE"]
[SourceTitle "EXT 2022"]
[Source "ChessBase"]
[SourceDate "2021.10.06"]
[SourceVersion "1"]
[SourceVersionDate "2021.10.06"]
[SourceQuality "1"]

1. e4 e6 2. d4 d5 3. exd5 exd5 4. Bd3 c5 5. Qe2+ Be7 6. dxc5 Nf6 7. Bg5 0-0 8. Nd2 Re8 9. 0-0-0 Ne4 10. Bxe7 Qxe7 11. Nxe4 dxe4 12. Qxe4 Qxe4 13. Bxe4 Nc6 14. f3 Be6 15. Bxc6 bxc6 16. Ne2 Bxa2 17. Nd4 Bd5 18. b3 Re5 19. Rhe1 Rh5 20. c4 Bxc4 21. bxc4 Rxc5 22. Re7 Kf8 23. Rc7 Rxc4+ 24. Nc2 g5 25. Rdd7 Rf4 26. Rxc6 g4 27. Rd4 Rxd4 28. Nxd4 gxf3 29. Nxf3 Kg7 30. Ra6 f6 31. Kd2 Kg6 32. Ne5+ Kg5 33. Nc6 h5 34. Rxa7 Rc8 35. Ra5+ Kh4 36. Nd4 1-0

[Event "Niksic Mix 03"]
[Site "Niksic"]
[Date "2021.03.21"]
[Round "5"]
[White "Alivodic, Dario"]
[Black "Pobor, Milo"]
[Result "1-0"]
[WhiteElo "2189"]
[BlackElo "2105"]
[PlyCount "71"]
[EventDate "2021.03.19"]
[EventType "swiss"]
[EventRounds "9"]
[EventCountry "MNE"]
[SourceTitle "CBM 201 Extra"]
[Source "ChessBase"]
[SourceDate "2021.05.31"]
[SourceVersion "1"]
[SourceVersionDate "2021.05.31"]
[SourceQuality "1"]

1. d4 Nf6 2. c4 g6 3. Nc3 Bg7 4. e4 d6 5. Nge2 0-0 6. f3 a6 7. Be3 Nc6 8. Qd2 Na5 9. Ng3 b5 10. Bh6 Nxc4 11. Bxc4 bxc4 12. 0-0-0 Kh8 13. h4 Rg8 14. Bxg7+ Rxg7 15. h5 c6 16. hxg6 fxg6 17. Rh6 Rb8 18. Rdh1 Qb6 19. Nge2 e5 20. dxe5 Ng8 21. exd6 Nxh6 22. Rxh6 Bd7 23. Nd4 Qc5 24. Nc2 Re8 25. Rh1 Kg8 26. Rd1 Be6 27. Qe3 Qa5 28. Nd4 Bd7 29. f4 g5 30. g3 gxf4 31. gxf4 c5 32. Nde2 Rb8 33. f5 Qb4 34. Rd2 a5 35. Nd5 Qa4 36. Nec3 1-0

[Event "Niksic Mix 03"]
[Site "Niksic"]
[Date "2021.03.20"]
[Round "3"]
[White "Alivodic, Dario"]
[Black "Injac, Teodora"]
[Result "0-1"]
[WhiteElo "2189"]
[BlackElo "2319"]
[PlyCount "72"]
[EventDate "2021.03.19"]
[EventType "swiss"]
[EventRounds "9"]
[EventCountry "MNE"]
[SourceTitle "CBM 201 Extra"]
[Source "ChessBase"]
[SourceDate "2021.05.31"]
[SourceVersion "1"]
[SourceVersionDate "2021.05.31"]
[SourceQuality "1"]

1. d4 Nf6 2. c4 e6 3. Nc3 Bb4 4. a3 Bxc3+ 5. bxc3 Nc6 6. f3 b6 7. e4 Na5 8. Bd3 Ba6 9. Qe2 c5 10. e5 Ng8 11. Be3 Rc8 12. Rc1 Ne7 13. d5 Nf5 14. Bf2 Qg5 15. f4 Qxf4 16. Rd1 Bxc4 17. Nf3 Bxd5 18. 0-0 Bxf3 19. gxf3 0-0 20. Kh1 Nc6 21. Rde1 f6 22. exf6 Rxf6 23. Rg1 Rh6 24. Rg2 Nce7 25. Reg1 Rh3 26. Be4 Rf8 27. Be1 Ng6 28. c4 Nd4 29. Qd3 Nxf3 30. Bg3 Rxg3 31. Rxg3 Nxg1 32. Rxg1 Ne5 33. Qe2 g6 34. Qc2 Ng4 35. Bxg6 Nf2+ 36. Kg2 Qf3+ 0-1

[Event "Niksic IM 02"]
[Site "Niksic"]
[Date "2021.02.28"]
[Round "5"]
[White "Alivodic, Dario"]
[Black "Nikcevic, Nebojsa"]
[Result "0-1"]
[WhiteElo "2189"]
[BlackElo "2412"]
[PlyCount "68"]
[EventDate "2021.02.26"]
[EventType "tourn"]
[EventRounds "9"]
[EventCountry "MNE"]
[EventCategory "1"]
[SourceTitle "CBM 201 Extra"]
[Source "ChessBase"]
[SourceDate "2021.05.31"]
[SourceVersion "1"]
[SourceVersionDate "2021.05.31"]
[SourceQuality "1"]

1. d4 Nf6 2. c4 e6 3. Nc3 Bb4 4. a3 Bxc3+ 5. bxc3 b6 6. f3 Nc6 7. e4 Ba6 8. Bd3 Na5 9. Qe2 d6 10. f4 Qd7 11. Nf3 Qa4 12. e5 Nd7 13. Nd2 0-0 14. 0-0 Rae8 15. Rf3 f5 16. exf6 Nxf6 17. Rh3 d5 18. g4 dxc4 19. Bb1 Nb3 20. Qd1 Qc6 21. Ra2 Nxd2 22. Rxd2 Bb7 23. d5 exd5 24. Rd4 Qe6 25. Bd2 c5 26. Bf5 Qe2 27. Qc2 h6 28. g5 cxd4 29. gxf6 d3 30. Rg3 Rxf6 31. Qa4 Rxf5 32. Qd7 Qd1+ 33. Kg2 Re2+ 34. Kh3 Rh5+ 0-1